Pollution from meat processing factories
A basic understanding of the nature of meat plant wastewaters and factors that influence these wastewaters is essential for the control of wastewater volume and waste loads. Analyzing waste characteristics of the meatpacking industry is not a simple matter. It is difficult to characterize a “typical...
Elmentve itt :
| Szerzők: | |
|---|---|
| Testületi szerző: | |
| Dokumentumtípus: | Könyv része |
| Megjelent: |
2015
|
| Sorozat: | Proceedings of the International Symposium on Analytical and Environmental Problems
21 |
| Kulcsszavak: | Környezetszennyezés - ipari, Húsipar |
| Online Access: | http://acta.bibl.u-szeged.hu/55932 |
| LEADER | 01469naa a2200253 i 4500 | ||
|---|---|---|---|
| 001 | acta55932 | ||
| 005 | 20260224081030.0 | ||
| 008 | 181205s2015 hu o 100 eng d | ||
| 020 | |a 978-963-306-411-5 | ||
| 040 | |a SZTE Egyetemi Kiadványok Repozitórium |b hun | ||
| 041 | |a eng | ||
| 100 | 1 | |a Adamović Dragan | |
| 245 | 1 | 0 | |a Pollution from meat processing factories |h [elektronikus dokumentum] / |c Adamović Dragan |
| 260 | |c 2015 | ||
| 300 | |a 78-82 | ||
| 490 | 0 | |a Proceedings of the International Symposium on Analytical and Environmental Problems |v 21 | |
| 520 | 3 | |a A basic understanding of the nature of meat plant wastewaters and factors that influence these wastewaters is essential for the control of wastewater volume and waste loads. Analyzing waste characteristics of the meatpacking industry is not a simple matter. It is difficult to characterize a “typical” plant and its associated wastes, owing to the many procedures and facets of meat-processing operations. However, some similarities have emerged during extensive study and research. | |
| 695 | |a Környezetszennyezés - ipari, Húsipar | ||
| 700 | 0 | 2 | |a Vojinović-Miloradov Mirjana |e aut |
| 700 | 0 | 2 | |a Radonić Jelena |e aut |
| 700 | 0 | 2 | |a Turk-Sekulić Maja |e aut |
| 700 | 0 | 2 | |a Adamović Savka |e aut |
| 710 | |a International Symposium on Analytical and Environmental Problems (21.) (2015) (Szeged) | ||
| 856 | 4 | 0 | |u http://acta.bibl.u-szeged.hu/55932/1/proceedings_of_isaep_2015_078-082.pdf |z Dokumentum-elérés |